000 00829cam a2200277 a 4500
001 000009422
005 20200929161605.0
008 910128s2000 mx 000 f spa d
020 _a9681904923
035 _a(DLC) 91109827
040 _aDO-SdBNP
_bspa
_cTxU
_dBNPHU
082 _aU863.44
_bB462g, 2000
100 1 _aBenedetti, Mario,
_d1920-2009.
_911959
245 1 0 _aGracias por el fuego /
_cMario Benedetti.
250 _a2a reimpr.
260 _aMéxico :
_bAlfaguara,
_c2000.
300 _a292 p. ;
_c20 cm.
490 1 _aBiblioteca Mario Benetti
500 _aSegunda reimpresión de la edición del 1998
650 4 _aNovela uruguaya
_95679
650 4 _aLiteratura uruguaya
_ySIGLO XX
_916336
830 0 _aBiblioteca Mario Benetti
_924216
910 _aCatalogación derivada
910 _aWM
049 _aBNGR
999 _c9182
_d9182